000 00897nam a2200301Ia 4500
001 dia_1227
003 CHAP
005 20230126104144.0
008 220117s1979 xx 000 0 und d
010 _a171768
040 _cCHAP
082 _a621.8 B37 1979
100 _aBaranov, G. G.
_910058
245 _aCurso de la teoría de mecanismos y máquinas /
_c G. G. Baranov ; traducción G. Munizaga Rojas
260 _aRusia (Federación) :
_b MIR,
_c1979
300 _a523 p.
504 _aBibliografía: p. 522-523
590 _aT59.4 B37 1979
650 _aEngines
_9150310
650 _aEngranajes
_936992
650 _aGears
_9150311
650 _aMáquinas (motores)
_9150312
700 _aMunizaga, Rojas, G., tr.
_9150313
901 _a621.8 B37 1979
902 _aM
905 _a5232271979 ru aimn8222223322spa16
942 _cLIBRO
_2ddc
999 _c171768
_d171768